| 000 | 00497nam a22001697a 4500 | ||
|---|---|---|---|
| 003 | NUST - PNEC | ||
| 005 | 20170116180959.0 | ||
| 008 | 150912b xxu||||| |||| 00| 0 eng d | ||
| 020 | _a- | ||
| 040 | _cLIBRARY | ||
| 082 | _a005.453 ASH | ||
| 100 |
_910111 _aAshton-tate |
||
| 245 |
_adBase III Plus : getting started learning and using applications generator _cAshton-Tate |
||
| 260 | _c- | ||
| 650 |
_916785 _aProgramming Language Translator-Compiler _xMIS-Computer Science |
||
| 942 |
_2ddc _cBK |
||
| 999 |
_c66654 _d66654 |
||